rpm General Knowledge - Statistics

General Stats
  • This quiz has been taken 6 times
  • The average score is 8 of 20
Answer Stats
Hint Answer % Correct
Where is Petra? Jordan
80%
What movie features Tom Cruise, Jack Nicholson and Demi Moore? A Few Good Men
60%
Who interrupted Taylor Swift's speech at the VMAs? Kanye West
60%
Whose tenure as UK Prime Minister was outlasted by a head of lettuce? Liz Truss
60%
Where is Sepang? Malaysia
60%
What county is located between Los Angeles and San Diego counties in California? Orange County
60%
On what island would you find Milford Sound? South Island (New Zealand)
60%
What is the second largest city in Denmark? Aarhus
40%
Which Formula 1 driver's dad owns the team he is on? Lance Stroll
40%
Whose Vice President was Spiro Agnew? Richard Nixon
40%
What sport did Steve Redgrave win five Olympic gold medals in? Rowing
40%
Who is the lead singer for Arctic Monkeys? Alex Turner
20%
What consulting firm was responsible for saving LEGO from bankruptcy? Bain and Co.
20%
What kind of dogs are frequently used in animal testing due to their sense of loyalty? Beagles
20%
What country is home to the "Highest Bar in Africa"? Lesotho
20%
What company owns RayBan, Oakley and almost every other sunglasses company? Luxottica
20%
Just remember all caps when you spell the man name. MF DOOM
20%
What island did Australians send asylum seekers to in the 2010s? Nauru
20%
What country does Shining Path operate out of? Peru
20%
Where will the 2027 Worlds Fair be held? Belgrade
0%
No matching quizzes found
Score Distribution
Percent of People with Each Score
Percentile by Number Answered
Your Score History
You have not taken this quiz